Psychological 280 A/B (Record no. 411)

000 -LEADER
fixed length control field 00546nam a22002057a 4500
003 - CONTROL NUMBER IDENTIFIER
control field OSt
005 - DATE AND TIME OF LATEST TRANSACTION
control field 20210614073018.0
008 - FIXED-LENGTH DATA ELEMENTS--GENERAL INFORMATION
fixed length control field 210614b ||||| |||| 00| 0 eng d
020 ## - INTERNATIONAL STANDARD BOOK NUMBER
International Standard Book Number 9780176668358
040 ## - CATALOGING SOURCE
Transcribing agency ALUPE UNIVERSITY
050 ## - LIBRARY OF CONGRESS CALL NUMBER
Classification number BF176
Item number .K36 2013
100 ## - MAIN ENTRY--PERSONAL NAME
Personal name Kaplan, Robert M.
245 ## - TITLE STATEMENT
Title Psychological 280 A/B
Remainder of title Practice Quizzes
250 ## - EDITION STATEMENT
Edition statement 3rd
Remainder of edition statement Custom Edition
260 ## - PUBLICATION, DISTRIBUTION, ETC.
Place of publication, distribution, etc. Toronto, Canada
Name of publisher, distributor, etc. Nelson Education
Date of publication, distribution, etc. 2013
300 ## - PHYSICAL DESCRIPTION
Extent 31p
650 ## - SUBJECT ADDED ENTRY--TOPICAL TERM
Form subdivision Practice Quizzes
700 ## - ADDED ENTRY--PERSONAL NAME
Personal name Saccuzzo, Dennis P.,
942 ## - ADDED ENTRY ELEMENTS (KOHA)
Source of classification or shelving scheme
Koha item type Book
Suppress in OPAC MW
Holdings
Withdrawn status Lost status Source of classification or shelving scheme Damaged status Not for loan Permanent Location Current Location Shelving location Date acquired Total Checkouts Full call number Barcode Date last seen Price effective from Koha item type Public note
          AU LIBRARY AU LIBRARY Open Shelf 14.06.2021   BF176 .K36 2013 28000987 14.06.2021 14.06.2021 Book MW

Powered by Koha